000 00570nam a22001817a 4500
999 _c160298
_d160298
005 20190125143454.0
010 _aENG-124645
020 _a8184083807
_c995.00
035 _aEN-108177
037 _bDBAD/PUB
082 _a394.26545
100 _aSingh,Chitralekha
245 _aHindu festivals,fairs and fasts/
_cby Chitralekha Singh and Prem Nath
260 _aNew Delhi
_bIndiana Publishing House
_c2018
270 _a2/13, Ansari Road, Daryaganj,
_bNew Delhi
_e110002
300 _a220p.
_c24cm.(Hb)
_bill
942 _2ddc
_cEN
_mSIN
_h394.26545